| 000 | 00394nam a2200145 a 4500 | ||
|---|---|---|---|
| 001 | 989 | ||
| 003 | CDMR | ||
| 005 | 20130708104440.0 | ||
| 008 | 130130s1974||||||||||||||||||||||||||||d | ||
| 040 |
_aCDMR _bcat _cCPC GIRONA |
||
| 100 | 1 |
_aGomis, Llorenç _9492 |
|
| 245 | 1 | 3 |
_aEl medio media: la función política de la prensa _cGomis, Lorenzo |
| 260 |
_c1974 _bSeminarios y Ediciones |
||
| 942 |
_cMON _2udc |
||
| 999 |
_c989 _d989 |
||